00591nam a2200181Ia 4500001001000000003000500010008004100015010001100056040000900067082001900076100002100095245006400116300000900180440001700189500010700206650005900313710003700372Para_7915CHAP220125s9999 xx 000 0 und d a206595 cCHAP aPA-C 595.75 H4 aGould, George E. aA new genus of veliidae (Hemiptera) /c by George E. Goold a6 p. aHemiptera; 8 aSobretiro de: Journal Entomology Society 7 (2): 56-61, 1934. Encuadernado con otros impresos similares ax Hemípteros x colecciones de escritos x Veliidae aJournal Entomology Society 7 (2)